[Event "Lesa op-B 3rd"]
[Site "Lesa"]
[Date "2014.09.21"]
[Round "4"]
[White "Adda, Roberto"]
[Black "Tinelli, Fulvio"]
[Result "0-1"]
[WhiteElo "1671"]
[BlackElo "1775"]
[PlyCount "94"]
[EventDate "2014.09.19"]
[EventType "swiss"]
[EventRounds "5"]
[EventCountry "ITA"]
[SourceTitle "EXT 2016"]
[Source "ChessBase"]
[SourceDate "2015.10.08"]
[SourceVersion "1"]
[SourceVersionDate "2015.10.08"]
[SourceQuality "1"]

1. e4 e6 2. d4 d5 3. exd5 exd5 4. Nf3 Bd6 5. Bd3 Nf6 6. 0-0 0-0 7. Bg5 Bg4 8. c3 Bh5 9. Nbd2 Nbd7 10. Qc2 Bg6 11. Rfe1 c6 12. Re2 Qc7 13. Rae1 Rae8 14. Rxe8 Rxe8 15. Rxe8+ Nxe8 16. Bxg6 hxg6 17. Qd3 Nef6 18. h3 Qb8 19. Qe3 Qe8 20. Qxe8+ Nxe8 21. Bh4 Nef6 22. Bg3 Bxg3 23. fxg3 Kf8 24. Kf2 Ke7 25. g4 Ne4+ 26. Nxe4 dxe4 27. Nh4 Kf6 28. Ke3 Kg5 29. g3 f5 30. gxf5 gxf5 31. Ng2 Nf6 32. c4 Ne8 33. Nf4 Kf6 34. Nh5+ Ke6 35. Nf4+ Kf7 36. g4 g6 37. gxf5 gxf5 38. d5 cxd5 39. cxd5 Kf6 40. h4 Ke5 41. h5 Nf6 42. b3 Ng4+ 43. Ke2 Nh6 44. b4 b5 45. Kf2 Kxf4 46. d6 Kg5 47. d7 Nf7 0-1